00939 a2200277 4500003000400000005001700004008004100021010001700062020001500079020002200094020001800116035002300134040000600157082001100163245009500174260004400269300002500313650003300338650002200371650002000393700001900413700001800432700002800450856009100478856009200569OSt20180116192357.0120606t xxu||||| |||| 00| 0 eng d a 2003115351 a0761949623 a0761949631 (pbk.) a9780761949633 a(OCoLC)ocm52358174 c000a304.2300aKey thinkers on space and place /cedited by Phil Hubbard, Rob Kitchin and Gill Valentine. aLondon ;aThousand Oaks :bSage,c2004. ax, 356 p . :c23 cm.10aHuman geographyxPhilosophy.10aSpatial behavior.10aSpace and time.1 aHubbard, Phil.1 aKitchin, Rob.1 aValentine, Gill,d1965-423Publisher descriptionuhttp://www.loc.gov/catdir/enhancements/fy0657/2003115351-d.html423Table of contents onlyuhttp://www.loc.gov/catdir/enhancements/fy0657/2003115351-t.html